Mi corazón al desnudo y otros escritos íntimos
Gorde:
| Egile nagusia: | |
|---|---|
| Formatua: | Liburua |
| Hizkuntza: | gaztelania |
| Argitaratua: |
Santiago
Ediciones Universidad Diego Portales
2015
|
| Edizioa: | 1a. ed |
| Saila: | Colección Vidas Ajenas
|
| Gaiak: | |
| Etiketak: |
Etiketa erantsi
Etiketarik gabe, Izan zaitez lehena erregistro honi etiketa jartzen!
|
MARC
| LEADER | 00000cam a2200000 a 4500 | ||
|---|---|---|---|
| 001 | UCD1406 | ||
| 003 | CL-VaPUC | ||
| 008 | 160303e20150000cl |||||||||||||||||spa|d | ||
| 020 | |a 9789563143362 | ||
| 082 | 0 | 4 | |a 841 |b BAU |2 21 |
| 100 | 0 | |a Baudelaire, Charles Pierre |e author |9 265454 | |
| 245 | 1 | 0 | |a Mi corazón al desnudo y otros escritos íntimos |
| 250 | |a 1a. ed | ||
| 300 | |a 180 p | ||
| 942 | |c BK | ||
| 945 | |d 20160303 03:41:00 |a dcastane | ||
| 260 | |a Santiago |b Ediciones Universidad Diego Portales |c 2015 | ||
| 650 | 0 | |a Poesías francesas |9 265467 | |
| 650 | 0 | |a Literatura francesa |9 266330 | |
| 583 | |a last modification |c 20160303 03:41:00 |k Rodrigo Vera | ||
| 490 | 0 | |a Colección Vidas Ajenas | |
| 999 | |c 362747 |d 362745 | ||
| 952 | |0 0 |1 0 |3 erb |4 0 |6 841_000000000000000_BAU_2015 |7 0 |8 A |9 474208 |a BIBART |b BIBART |i 5265703 |l 3 |o 841 BAU 2015 |p 5265703 |r 2025-03-13 |s 2023-05-17 |w 2019-11-24 |y BK |z Catalogado en:20160303 |k ART | ||